[Event "Agai Sachdeva Memorial"]
[Site "Agra"]
[Date "2024.08.10"]
[Round "4"]
[White "Diwan, Rajesh"]
[Black "Shaurya, Chaudhary"]
[Result "1-0"]
[WhiteElo "1693"]
[BlackElo "1791"]
[PlyCount "117"]
[EventDate "2024.08.09"]
[EventType "swiss"]
[EventRounds "9"]
[EventCountry "IND"]
[SourceTitle "EXT 2025"]
[Source "ChessBase"]
[SourceDate "2024.10.14"]
[SourceVersion "1"]
[SourceVersionDate "2024.10.14"]
[SourceQuality "1"]

1. d4 Nf6 2. c4 e6 3. Nf3 d5 4. Nc3 Nbd7 5. Qc2 c5 6. e3 cxd4 7. exd4 dxc4 8. Bxc4 a6 9. a4 Nb6 10. Bb3 Nbd5 11. 0-0 h6 12. a5 Be7 13. Nxd5 Nxd5 14. Ba4+ Bd7 15. Ne5 Bb5 16. Qb3 Bb4 17. Qf3 Qf6 18. Qg3 Bd6 19. Bxb5+ axb5 20. Qd3 0-0 21. Nd7 Qf5 22. Qxf5 exf5 23. Nxf8 Kxf8 24. Bd2 b4 25. Rfc1 Ke7 26. Ra2 Kd7 27. Rca1 Ne7 28. Ra4 Nd5 29. a6 b5 30. Ra5 Kc6 31. a7 Bc7 32. Rc1+ Kb6 33. Raa1 Bd6 34. b3 Be7 35. g3 g5 36. Ra2 Rxa7 37. Rxa7 Kxa7 38. Rc6 f6 39. Rc8 Kb7 40. Rh8 Kc6 41. Rxh6 Nc3 42. Bxg5 Ne2+ 43. Kg2 Nxd4 44. Bxf6 Bxf6 45. Rxf6+ Kc5 46. h4 Nxb3 47. Rxf5+ Kc4 48. h5 Nd4 49. Re5 Nc6 50. Re1 Nd8 51. h6 b3 52. g4 Nf7 53. h7 b2 54. g5 Nh8 55. f4 Kc3 56. f5 Kc2 57. g6 b1Q 58. Rxb1 Kxb1 59. g7 1-0

[Event "Aligarh Pavna op"]
[Site "Aligarh"]
[Date "2016.05.18"]
[Round "2"]
[White "Diwan, Rajesh"]
[Black "Mishra, Jayesh"]
[Result "1-0"]
[WhiteElo "1799"]
[BlackElo "1380"]
[PlyCount "30"]
[EventDate "2016.05.17"]
[EventType "swiss"]
[EventRounds "9"]
[EventCountry "IND"]
[SourceTitle "CBM 172 Extra"]
[Source "ChessBase"]
[SourceDate "2016.06.21"]
[SourceVersion "1"]
[SourceVersionDate "2016.06.21"]
[SourceQuality "1"]

1. d4 Nf6 2. f4 c5 3. e3 cxd4 4. exd4 g6 5. Nf3 d6 6. Bd3 Bg7 7. 0-0 0-0 8. Nc3 Bd7 9. Ne4 Nc6 10. c3 Qc7 11. Nxf6+ Bxf6 12. Ng5 Bxg5 13. fxg5 e5 14. d5 Nd8 15. Kh1 Re8 1-0

[Event "IND-chB 52nd"]
[Site "Dharamshala"]
[Date "2014.05.09"]
[Round "1"]
[White "Diwan, Rajesh"]
[Black "Laxman, Rajaram"]
[Result "0-1"]
[WhiteElo "1895"]
[BlackElo "2450"]
[PlyCount "78"]
[EventDate "2014.05.09"]
[EventType "swiss"]
[EventRounds "13"]
[EventCountry "IND"]
[SourceTitle "CBM 160 Extra"]
[Source "ChessBase"]
[SourceDate "2014.07.01"]
[SourceVersion "1"]
[SourceVersionDate "2014.07.01"]
[SourceQuality "1"]

1. d4 Nf6 2. c4 e6 3. Nf3 d5 4. e3 c5 5. a3 Nc6 6. dxc5 Bxc5 7. b4 Bd6 8. c5 Bc7 9. Bb2 0-0 10. Bb5 a5 11. Qb3 axb4 12. Bxc6 bxc6 13. axb4 Rxa1 14. Bxa1 Ba6 15. Ne5 Qa8 16. Qb2 Rd8 17. Ng4 Ne8 18. h4 h5 19. Ne5 f6 20. Nf3 e5 21. Na3 Bd3 22. Qb3 Qa6 23. Kd2 Be4 24. Ne1 Kf8 25. f3 Bg6 26. Nec2 d4 27. e4 Bf7 28. Qd3 Qa4 29. Rb1 g6 30. Kc1 Ng7 31. g3 Ne6 32. Nc4 Nxc5 33. bxc5 Bxc4 34. Qd2 Kg7 35. g4 hxg4 36. fxg4 Bb5 37. h5 d3 38. Ne3 Ba5 39. Bc3 Qa3+ 0-1

[Event "New Delhi Parsvnath op 6th"]
[Site "New Delhi"]
[Date "2008.01.18"]
[Round "8"]
[White "Babu, N Sudhakar"]
[Black "Diwan, Rajesh"]
[Result "1-0"]
[WhiteElo "2333"]
[BlackElo "2084"]
[PlyCount "71"]
[EventDate "2008.01.13"]
[EventType "swiss"]
[EventRounds "10"]
[EventCountry "IND"]
[SourceTitle "CBM 122 Extra"]
[Source "ChessBase"]
[SourceDate "2008.03.04"]
[SourceVersion "1"]
[SourceVersionDate "2008.03.04"]
[SourceQuality "1"]

1. d4 d5 2. c4 e6 3. Nf3 Nf6 4. Nc3 Be7 5. Bg5 0-0 6. e3 Nbd7 7. Rc1 c6 8. Bd3 dxc4 9. Bxc4 Nd5 10. Bxe7 Qxe7 11. 0-0 Nxc3 12. Rxc3 e5 13. Bb3 e4 14. Nd2 Kh8 15. f3 exf3 16. Qxf3 f5 17. e4 fxe4 18. Qxe4 Rxf1+ 19. Kxf1 Qxe4 20. Nxe4 Nf6 21. Nd6 g6 22. Kg1 Kg7 23. h3 Rb8 24. g4 h6 25. Re3 Kf8 26. Be6 Bxe6 27. Rxe6 Ne8 28. Rxg6 Nxd6 29. Rxd6 Kg7 30. Kg2 Rf8 31. Rd7+ Rf7 32. Rxf7+ Kxf7 33. Kf3 Ke6 34. Ke4 Kf6 35. h4 a5 36. a4 1-0